000 00671nas a2200217 4500
001 BR8702173
003 BR-BrBNA
005 20231205090645.0
007 ta
008 230509b bl.|||p| |||| 00| 00por d
040 _aBR-BrBNA
_bpor
_cBiblioteca Nacional de Agricultura
041 _a(Pt)
072 _aE21
100 1 _aLopes, R.T.
100 1 _aMelo, J.M.D. de
245 1 _aAvaliacao dos detetores multifilares para tomografia computadorizada em tres dimensoes
650 _aINDUSTRIALIZACAO
773 0 _tExperientiae (Brazil)
_xISSN 0014-4762
_g(Apr 1986), v. 29(8) p. 109-124
_wBR8702173
909 _a202311
_bLúcia
_c55
_dLúcia Elande
942 _2AGRIS
_n0
_cANA
999 _c120062
_d120062